[Event "Steinfurt Bezirksliga 0405"]
[Site "Germany"]
[Date "2004.09.25"]
[Round "1.8"]
[White "Kriens, Volker"]
[Black "Goeckeler, Andreas"]
[Result "1/2-1/2"]
[WhiteElo "1387"]
[BlackElo "1420"]
[PlyCount "45"]
[EventDate "2004.09.25"]
[EventType "team-tourn"]
[EventRounds "11"]
[EventCountry "GER"]
[SourceTitle "EXT 2006"]
[Source "ChessBase"]
[SourceDate "2005.11.24"]
[SourceVersion "1"]
[SourceVersionDate "2005.11.24"]
[SourceQuality "1"]
[WhiteTeam "Nordwalde II"]
[BlackTeam "Neuenkirchen II"]
[WhiteTeamCountry "GER"]
[BlackTeamCountry "GER"]

1. e4 d6 2. d4 Nf6 3. Nc3 g6 4. Nf3 Bg7 5. Bg5 c6 6. h3 Qa5 7. Bd3 Nbd7 8. 0-0 0-0 9. Be3 Rd8 10. a3 Qc7 11. Qd2 c5 12. Rfe1 a6 13. Rab1 cxd4 14. Bxd4 e5 15. Be3 Nc5 16. Bg5 Be6 17. Qe2 Rd7 18. Bxf6 Bxf6 19. Bc4 b5 20. Nd5 Bxd5 21. Bxd5 Rc8 22. c3 Ne6 23. g3 1/2-1/2

[Event "Steinfurt Bezirksklasse 0304"]
[Site "Germany"]
[Date "2004.03.20"]
[Round "8.7"]
[White "Roos, Bastian"]
[Black "Kriens, Volker"]
[Result "1/2-1/2"]
[WhiteElo "1232"]
[BlackElo "1404"]
[PlyCount "24"]
[EventDate "2003.09.27"]
[EventType "team-tourn"]
[EventRounds "11"]
[EventCountry "GER"]
[SourceTitle "EXT 2005"]
[Source "ChessBase"]
[SourceDate "2004.11.15"]
[SourceVersion "1"]
[SourceVersionDate "2004.11.15"]
[SourceQuality "1"]
[WhiteTeam "Saerbeck Falke III"]
[BlackTeam "Nordwalde II"]
[WhiteTeamCountry "GER"]
[BlackTeamCountry "GER"]

1. d4 d6 2. c4 g6 3. g3 Bg7 4. Bg2 Nf6 5. Nf3 0-0 6. 0-0 Nbd7 7. Nc3 e5 8. d5 Nc5 9. b4 Na6 10. a3 Bf5 11. Nh4 Bd7 12. c5 Qc8 1/2-1/2

[Event "Steinfurt Bezirksklasse 0304"]
[Site "Germany"]
[Date "2004.01.10"]
[Round "5.8"]
[White "Rohmann, Dominic"]
[Black "Kriens, Volker"]
[Result "0-1"]
[WhiteElo "1127"]
[BlackElo "1404"]
[PlyCount "134"]
[EventDate "2003.09.27"]
[EventType "team-tourn"]
[EventRounds "11"]
[EventCountry "GER"]
[SourceTitle "EXT 2005"]
[Source "ChessBase"]
[SourceDate "2004.11.15"]
[SourceVersion "1"]
[SourceVersionDate "2004.11.15"]
[SourceQuality "1"]
[WhiteTeam "Reckenfeld II"]
[BlackTeam "Nordwalde II"]
[WhiteTeamCountry "GER"]
[BlackTeamCountry "GER"]

1. e4 d6 2. d4 g6 3. f4 Bg7 4. e5 dxe5 5. fxe5 e6 6. Nf3 Nc6 7. Bc4 Nge7 8. Bg5 h6 9. Bxe7 Nxe7 10. 0-0 Nd5 11. Bxd5 exd5 12. Nfd2 Be6 13. Nb3 Qe7 14. Nc5 0-0-0 15. Nxe6 fxe6 16. Qg4 g5 17. Nc3 Rhf8 18. a3 Kd7 19. Nxd5 Qe8 20. c3 c6 21. Ne3 Qg6 22. b4 Rxf1+ 23. Nxf1 Rf8 24. Ng3 Qc2 25. Ne4 b6 26. Rf1 Rxf1+ 27. Kxf1 Qc1+ 28. Kf2 Qxa3 29. h4 Qc1 30. hxg5 Qc2+ 31. Kg3 Qd3+ 32. Kh4 Qe3 33. Kh5 Bf8 34. Kg6 a5 35. bxa5 bxa5 36. Kf7 hxg5 37. Qxe6+ Kc7 38. Nxg5 Qxg5 39. Kxf8 Qd8+ 40. Kf7 a4 41. Qa2 Qd7+ 42. Kf6 Qd8+ 43. Kf5 Qd7+ 44. Ke4 Qd5+ 45. Qxd5 cxd5+ 46. Kxd5 a3 47. e6 a2 48. e7 Kd7 49. e8Q+ Kxe8 50. c4 a1Q 51. c5 Qa2+ 52. Kc6 Qxg2+ 53. d5 Kd8 54. Kd6 Qg6+ 55. Ke5 Qg7+ 56. Ke6 Qe7+ 57. Kf5 Qxc5 58. Ke6 Qe7+ 59. Kf5 Kd7 60. d6 Kxd6 61. Kg6 Ke6 62. Kh6 Kf6 63. Kh5 Qg7 64. Kh4 Kf5 65. Kh3 Kf4 66. Kh2 Kf3 67. Kh3 Qh7# 0-1

[Event "Steinfurt Bezirksklasse 0304"]
[Site "Germany"]
[Date "2003.10.11"]
[Round "2.8"]
[White "Kriens, Volker"]
[Black "Elling, Nils"]
[Result "1-0"]
[WhiteElo "1404"]
[BlackElo "905"]
[PlyCount "46"]
[EventDate "2003.09.27"]
[EventType "team-tourn"]
[EventRounds "11"]
[EventCountry "GER"]
[SourceTitle "EXT 2005"]
[Source "ChessBase"]
[SourceDate "2004.11.15"]
[SourceVersion "1"]
[SourceVersionDate "2004.11.15"]
[SourceQuality "1"]
[WhiteTeam "Nordwalde II"]
[BlackTeam "Rheine SG II"]
[WhiteTeamCountry "GER"]
[BlackTeamCountry "GER"]

1. e4 e5 2. Nf3 Nc6 3. Bb5 d6 4. d4 Bd7 5. 0-0 Qf6 6. d5 Nge7 7. dxc6 bxc6 8. Ba4 d5 9. exd5 Nxd5 10. Re1 Bd6 11. Nbd2 0-0 12. Ne4 Qg6 13. Nh4 Qe6 14. Bb3 Rab8 15. c4 Nb4 16. c5 Nd5 17. cxd6 cxd6 18. Nc3 Nxc3 19. bxc3 Qf6 20. Nf3 e4 21. Rxe4 Qxc3 22. Bf4 Bf5 23. Re3 Rbd8 1-0